Et si on jouait ? (notice n° 1552451)
[ vue normale ]
| 000 -LEADER | |
|---|---|
| fixed length control field | 01769cam a2200277zu 4500 |
| 003 - CONTROL NUMBER IDENTIFIER | |
| control field | FRCYB88815957 |
| 005 - DATE AND TIME OF LATEST TRANSACTION | |
| control field | 20251020122950.0 |
| 008 - FIXED-LENGTH DATA ELEMENTS--GENERAL INFORMATION | |
| fixed length control field | 251020s2005 fr | o|||||0|0|||fre d |
| 020 ## - INTERNATIONAL STANDARD BOOK NUMBER | |
| International Standard Book Number | 9782896190355 |
| 035 ## - SYSTEM CONTROL NUMBER | |
| System control number | FRCYB88815957 |
| 040 ## - CATALOGING SOURCE | |
| Original cataloging agency | FR-PaCSA |
| Language of cataloging | fr |
| Transcribing agency | |
| Description conventions | rda |
| 100 1# - MAIN ENTRY--PERSONAL NAME | |
| Personal name | Ferland, Francine |
| 245 01 - TITLE STATEMENT | |
| Title | Et si on jouait ? |
| Remainder of title | Le jeu durant l'enfance et pour toute la vie |
| Statement of responsibility, etc. | ['Ferland, Francine'] |
| 264 #1 - PRODUCTION, PUBLICATION, DISTRIBUTION, MANUFACTURE, AND COPYRIGHT NOTICE | |
| Name of producer, publisher, distributor, manufacturer | Editions du CHU Sainte-Justine |
| Date of production, publication, distribution, manufacture, or copyright notice | 2005 |
| 300 ## - PHYSICAL DESCRIPTION | |
| Extent | p. |
| 336 ## - CONTENT TYPE | |
| Content type code | txt |
| Source | rdacontent |
| 337 ## - MEDIA TYPE | |
| Media type code | c |
| Source | rdamdedia |
| 338 ## - CARRIER TYPE | |
| Carrier type code | c |
| Source | rdacarrier |
| 520 ## - SUMMARY, ETC. | |
| Summary, etc. | Source d'apprentissage objet de plaisir voie privilégiée pour interagir avec les autres le jeu représente l'activité la plus importante de l'enfance. Destiné tant aux parents qu'aux éducateurs le livre aborde différents aspect du jeu : qu'est-ce que jouer pourquoi et comment jouer l'impact du jeu sur le développement de l'enfant les critères d'un bon jouet la sécurité au jeu le jeu pour rendre la vie familiale plus agréable? Cette seconde édition contient en outre cinq nouveaux chapitres : le jeu dans la société aujourd'hui ce qu'il faut pour jouer pourquoi et comment jouer avec l'enfant les difficultés au jeu et le jeu chez l'enfant d'âge scolaire chez l'adolescent et à l'âge adulte. En plus des connaissances détaillées sur le sujet l'auteur qui veut redonner au jeu la place qu'il devrait avoir durant l'enfance et pour toute la vie offre également de nombreuses suggestions de matériel et d'activités de jeu. |
| 650 #0 - SUBJECT ADDED ENTRY--TOPICAL TERM | |
| Topical term or geographic name entry element | |
| 700 0# - ADDED ENTRY--PERSONAL NAME | |
| Personal name | Ferland, Francine |
| 856 40 - ELECTRONIC LOCATION AND ACCESS | |
| Access method | Cyberlibris |
| Uniform Resource Identifier | <a href="https://international.scholarvox.com/netsen/book/88815957">https://international.scholarvox.com/netsen/book/88815957</a> |
| Electronic format type | text/html |
| Host name | |
Pas d'exemplaire disponible.




Réseaux sociaux